| 000 | 01341nam a22001937a 4500 | ||
|---|---|---|---|
| 003 | CO-ViMGA | ||
| 008 | 160827b xxu||||| |||| 00| 0 eng d | ||
| 020 | _a9789588009742 | ||
| 040 |
_aCO-ViMGA _bspa _cCO-ViMGA |
||
| 041 | _gsp | ||
| 110 |
_aCorporación Autónoma Regional de Boyacá _94614 |
||
| 245 | 1 | 0 |
_aActividad Esmeraldifera : _bGuía Ambiental y Oportunidades de Producción más Limpia |
| 260 |
_aTunja: _bCorpoboyaca, Cnset _c2013 |
||
| 300 | _a107 p. il. | ||
| 534 | _pEsta guía es una herramienta de alto nivel técnico y metodológico, que desarrolla el concepto del ciclo PHVA: Planear, Hacer, Verificar y Actuar, enfocando desde el principio a las empresas esmeraldíferas, sin importar su tamaño, a organizar el desarrollo de sus actividades bajo el esquema de procesos productivos, identificando dentro de ellos la cadena de valor, para que analizando las actividades de más alto impacto, se generen alternativas de producción que optimicen recursos y mejoren la calidad, cumpliendo en todo momento con la normatividad ambiental vigente y generando la oportunidad de la mejora continua. | ||
| 650 | 1 | 4 |
_aNormas ambientales _vFormación para el trabajo _xImplementación _yActividad esmeraldifera _94615 |
| 710 |
_aCorporación para la Investigación Socieconómica y Tecnológica de Colombia _94616 |
||
| 942 |
_2ddc _cBK |
||
| 999 |
_c35790 _d35790 |
||